000 00577nam a22002297a 4500
003 UA-OsUOA
001 98692
007 ta
008 20130416b un ||||| |||| 00| 0 ukr d
100 _aСалуквадзе А.
090 _a821.
_bС16
942 _cBK
040 _aUA-OsUOA
_brus
_cUA-OsUOA
_dUA-OsUOA
245 _aКлятвенная запись
300 _a270 с.
955 _a3
041 _arus
080 _a821.
260 _aТбилиси
_c1987
650 7 _a82 Література. Літературознавство
_2UDC
999 _c384531
_d384531